[Event "Ciudad del Este qual 4th"]
[Site "Ciudad del Este"]
[Date "2017.07.01"]
[Round "4.5"]
[White "Guex, Ricardo"]
[Black "Gonzalez Gauto, Victor"]
[Result "1-0"]
[WhiteElo "1771"]
[BlackElo "1478"]
[PlyCount "44"]
[EventDate "2017.06.30"]
[EventType "swiss"]
[EventRounds "7"]
[EventCountry "PAR"]
[SourceTitle "EXT 2023"]
[Source "ChessBase"]
[SourceDate "2022.10.05"]
[SourceVersion "1"]
[SourceVersionDate "2022.10.05"]
[SourceQuality "1"]

1. c4 Nf6 2. e3 g6 3. Nf3 Bg7 4. d4 c6 5. Nc3 0-0 6. Be2 d5 7. 0-0 dxc4 8. Bxc4 Nbd7 9. e4 Nb6 10. Bb3 Qc7 11. Qe2 Bg4 12. Be3 Rad8 13. h3 Bxf3 14. Qxf3 e5 15. dxe5 Qxe5 16. Rad1 Rxd1 17. Rxd1 Re8 18. Bf4 Qc5 19. Bd6 Qh5 20. g4 Qg5 21. Bf4 Qa5 22. g5 Nfd7 1-0

[Event "Ciudad del Este qual 5th"]
[Site "Ciudad del Este"]
[Date "2016.08.15"]
[Round "7.5"]
[White "Benitez Galeano, Alejandro"]
[Black "Guex, Ricardo"]
[Result "1/2-1/2"]
[WhiteElo "1904"]
[BlackElo "1807"]
[PlyCount "95"]
[EventDate "2016.08.12"]
[EventType "swiss"]
[EventRounds "7"]
[EventCountry "PAR"]
[SourceTitle "EXT 2023"]
[Source "ChessBase"]
[SourceDate "2022.10.05"]
[SourceVersion "1"]
[SourceVersionDate "2022.10.05"]
[SourceQuality "1"]

1. e4 e6 2. d4 d5 3. Nd2 dxe4 4. Nxe4 Nf6 5. Ng3 Bd6 6. Nf3 b6 7. Bd3 Bb7 8. 0-0 Nc6 9. c3 Ne7 10. Re1 0-0 11. Bc2 Ng6 12. Ng5 Be7 13. N5e4 Rc8 14. Qf3 Ba8 15. Nxf6+ Bxf6 16. Ne4 Be7 17. Qh3 c5 18. dxc5 Bxe4 19. Bxe4 Bxc5 20. Qh5 Qf6 21. Be3 Rfd8 22. Qg5 Qxg5 23. Bxg5 Be7 24. Bxe7 Nxe7 25. Red1 g6 26. Kf1 Kg7 27. Ke2 Kf6 28. a4 Rxd1 29. Rxd1 Rc4 30. Bc2 Rc6 31. Rd7 a5 32. Bd3 Nc8 33. Bb5 Rd6 34. Rc7 Ne7 35. Be8 e5 36. Rb7 Ke6 37. g3 f5 38. b4 axb4 39. cxb4 Kf6 40. a5 bxa5 41. bxa5 Nd5 42. Bb5 Nc3+ 43. Ke3 Rd5 44. Bc4 Rxa5 45. Rf7+ Kg5 46. Rxh7 Nd5+ 47. Kf3 Rc5 48. h4+ 1/2-1/2

[Event "Asuncion Semana Santa op"]
[Site "Asuncion"]
[Date "2016.03.24"]
[Round "1"]
[White "Sanchez Morel, Araceli"]
[Black "Guex, Ricardo"]
[Result "0-1"]
[WhiteElo "1265"]
[BlackElo "1821"]
[PlyCount "60"]
[EventDate "2016.03.24"]
[EventType "swiss"]
[EventRounds "7"]
[EventCountry "PAR"]
[SourceTitle "EXT 2017"]
[Source "ChessBase"]
[SourceDate "2016.10.25"]
[SourceVersion "1"]
[SourceVersionDate "2016.10.25"]
[SourceQuality "1"]

1. e4 e6 2. d4 d5 3. Bd3 dxe4 4. Bxe4 Nf6 5. Bg5 Be7 6. Bxf6 Bxf6 7. Nf3 c6 8. 0-0 Nd7 9. c3 0-0 10. Qc2 g6 11. Re1 Qc7 12. Nbd2 c5 13. d5 exd5 14. Bxd5 Nb6 15. Be4 Be6 16. Nf1 Rad8 17. Rad1 Nc4 18. Ne3 Nxe3 19. Rxe3 Rxd1+ 20. Qxd1 Rd8 21. Qc2 b6 22. a3 Qf4 23. Bd3 Bd5 24. Qe2 Kg7 25. Be4 Bxe4 26. Rxe4 Qc1+ 27. Ne1 Rd2 28. Qe3 Qxb2 29. c4 Bd4 30. Qf3 Rxf2 0-1

[Event "Foz do Iguacu op 1st"]
[Site "Foz do Iguacu"]
[Date "2013.12.15"]
[Round "7"]
[White "Silva, Luis Gustavo"]
[Black "Guex, Ricardo"]
[Result "1-0"]
[WhiteElo "1846"]
[BlackElo "1893"]
[PlyCount "55"]
[EventDate "2013.12.12"]
[EventType "swiss"]
[EventRounds "7"]
[EventCountry "BRA"]
[SourceTitle "CBM 158 Extra"]
[Source "ChessBase"]
[SourceDate "2014.02.28"]
[SourceVersion "1"]
[SourceVersionDate "2014.02.28"]
[SourceQuality "1"]

1. e4 e6 2. d4 d5 3. Nc3 Bb4 4. e5 c5 5. a3 Bxc3+ 6. bxc3 c4 7. Bd2 Bd7 8. Qg4 g6 9. Nh3 Nc6 10. Qf3 h6 11. Nf4 Nce7 12. Be2 Bc6 13. 0-0 Nf5 14. Be3 Nge7 15. g3 Ng7 16. Nh3 Nef5 17. Bd2 Qe7 18. Qg2 Kd7 19. f4 Raf8 20. Nf2 h5 21. Rfb1 Kc7 22. Rb4 Ne8 23. Rab1 a5 24. Rb6 Qxa3 25. Bxc4 h4 26. Nd3 Nfg7 27. R6b3 Qa2 28. Rxb7+ 1-0